01269nam a22002057a 450000500170000000800410001702000180005804000070007604100120008308200200009510000180011524501450013326000440027830000260032236500520034852006140040065000150101465000140102970000200104320240701092022.0240701b ||||| |||| 00| 0 eng d a9789393559883 cAL aEnglish 223a155.2bHOLP aPeter Hollins aPsychological Triggers: Human Nature Irrationality and Why We Do What We DobThe Hidden Influences Behind Our Actions Thoughts and Behaviors aAhmedabadbJaico Publishing Housec2018 a173 p.bPBc20x13 cm. a593b₹280.00c₹d₹350.00e20%f03-05-2024 aHuman Nature, Irrationality and Why We Do What We Do UNDERSTAND, AVOID AND DEFEAT THE SUBCONSCIOUS CAUSES OF YOUR IRRATIONAL AND SELF-DEFEATING BEHAVIORS. Seize control of your impulses and make better decisions. Psychological Triggers is an introduction to yourself —your impulses, your desires and everything in your subconscious that drives you to action. This book answers the question: “Why did I just make a terrible choice when I know I shouldn’t have?” We are all slaves to our triggers, and this book seeks to identify them to better battle them. MASTER YOUR PSYCHOLOGY, MASTER YOUR LIFE. aPsychology aSelf-Help aHOLLINS (Peter)